| 000 | 01683cam a2200385 a 4500 | ||
|---|---|---|---|
| 999 |
_c232702 _d232702 |
||
| 001 | 3527727 | ||
| 003 | Nust | ||
| 005 | 20170222155548.0 | ||
| 008 | 960620s1996 dcua b f000 0 eng d | ||
| 010 | _a 96060936 | ||
| 020 | _a0309060036 | ||
| 035 | _a(OCoLC)35618362 | ||
| 040 |
_aWaU _cWaU _dDLC |
||
| 042 | _alccopycat | ||
| 043 | _an-us--- | ||
| 050 | 0 | 0 |
_aHE355 _b.W5 1996 |
| 082 | _aHE355 | ||
| 100 | 1 | _aWilliams, Kristine. | |
| 245 | 1 | 0 |
_aLand development regulations that promote access management / _cKristine M. Williams and J. Richard Forester. |
| 260 |
_aWashington, D.C. : _bNational Academy Press, _c1996. |
||
| 300 |
_a45 p. : _bill. ; _c28 cm. |
||
| 440 | 0 |
_aSynthesis of highway practice, _x0547-5570 ; _v233 |
|
| 500 | _a"Transportation Research Board, National Research | ||
| 500 | _a"Research sponsored by the American Association of State Highway and Transportation Officials in cooperation with the Federal Highway Administration." | ||
| 504 | _aIncludes bibliographical references (p. 35-38). | ||
| 650 | 0 |
_aTraffic engineering _zUnited States. |
|
| 650 | 0 |
_aHighway planning _zUnited States. |
|
| 650 | 0 |
_aLand use _zUnited States _xPlanning. |
|
| 700 | 1 | _aForester, J. Richard. | |
| 710 | 2 |
_aNational Research Council (U.S.). _bTransportation Research Board. |
|
| 710 | 2 | _aAmerican Association of State Highway and Transportation Officials. | |
| 710 | 1 |
_aUnited States. _bFederal Highway Administration. |
|
| 906 |
_a7 _bcbc _ccopycat _d2 _eopcn _f19 _gy-gencatlg |
||
| 942 |
_2ddc _cBK |
||